00842nam a2200217 a 4500001001000000003000500010005001700015008004100032010001100073011001100084040000900095100003600104245017200140260004100312500006000353502006900413650002500482650002100507650002600528856007000554000114945CHAP20220329144505.0180814s2018 mx a sm |||||||spa d a111406 a112378 cCHAP1 aBarranco Velázquez, Héctor.10aEvaluación de dos hidrogeles en suelos con diferente textura en la producción de quinua (Chenopodium quinua Will)h[En línea]cpor Héctor Barranco Vélazquez. aChapingo, Méx. :bEl autor,c2018. aPara ver el contenido del material haga clic en la liga aTesis (Ing. Agr. Esp. en Suelos) -- UACH. Departamento de Suelos14aQuinoaxCrecimiento.14aQuinoaxCultivo.14aSuelosxMejoramiento. aFinding aiduhttp://10.13.5.2/tesis/sist114945.pdfzTeclea aquí